Differential and integral equations
Αποθηκεύτηκε σε:
| Κύριος συγγραφέας: | |
|---|---|
| Μορφή: | Βιβλίο |
| Γλώσσα: | English |
| Δημοσίευση: |
Oxford :
Oxford University Press,
c2006
|
| Θέματα: | |
| Ετικέτες: |
Προσθήκη ετικέτας
Δεν υπάρχουν, Καταχωρήστε ετικέτα πρώτοι!
|
MARC
| LEADER | 00000nam a2200000 i 4500 | ||
|---|---|---|---|
| 001 | 1/49712 | ||
| 008 | 070731s2006 eng d | ||
| 020 | |a 978-0-19-853382-5 | ||
| 020 | |a 0-19-853382-9 | ||
| 035 | |l 10089262 | ||
| 040 | |a GR-MY-UA |b gre |e aacr | ||
| 041 | 0 | |a eng | |
| 082 | 0 | |a 515.35 |2 (22) | |
| 100 | 1 | |a Collins, Peter J. | |
| 245 | 1 | 0 | |a Differential and integral equations / |c Peter J. Collins |
| 260 | |a Oxford : |b Oxford University Press, |c c2006 | ||
| 300 | |a xii, 372 σ.; |c 25 εκ. | ||
| 504 | |a Περιλαμβάνει βιβλιογραφικές παραπομπές και ευρετήριο | ||
| 650 | 0 | 0 | |a Differential equations. |
| 650 | 0 | 0 | |a Intergral equations. |
| 852 | |a INST |b SAMOS |e 20070731 |h 515.35 COL |p 005300025617 |q 005300025617 |t BK |y 0 | ||
| 901 | |a BIBL3-2007-2 | ||
| 909 | |a Σ |b 137105 | ||
| 922 | |a 3ΕΛΗ |b 200707 |c ΕΠΕΑΕΚ2/ΤΜΗΜΑ ΜΑΘΗΜΑΤΙΚΩΝ |d ΠΑΠΑΣΩΤΗΡΙΟΥ | ||
| 970 | |a ΣΙΤΖΙΜΗ |b ΓΙΑΣΕΜΗ |z 2007/07/31 | ||